000 00630nam a22002417a 4500
003 CHAP
005 20220329134514.0
008 971013s r 00010 d
010 _a21317
011 _a22289
035 _a26383
040 _cCHAP
090 _aR-322
100 0 0 _aDrew, W. B.
_934229
245 _aIn the paramo of Ecuador
500 _aSobretiro de : Wild flower 24:11-16, 1948
590 _aBATCH-UPD
_b10
_c20130110
_lUCH01
_h2145
590 _aCONVERSION
_b10
_c20130109
_lUCH01
_h1313
650 1 4 _aPastos
_xEcuador.
_986019
901 _aBK
942 _cREIMP
949 _bBC
_cR
_d-60866
_eTS1
_i26383
_si
999 _c21317
_d21317